[Event "Weihnachtsopen 2013 A"]
[Site "?"]
[Date "2013.12.27"]
[Round "3"]
[White "Petr, Glenn"]
[Black "Brenner, Frank"]
[Result "1-0"]
[WhiteElo "1951"]
[BlackElo "1822"]
[PlyCount "74"]
[SourceDate "2013.12.26"]

1. e4 e5 2. Bc4 Bc5 3. Nc3 d6 4. d3 Nf6 5. Nf3 Nc6 6. Be3 Bb6 7. h3 Be6 8. Bb3
d5 9. exd5 Nxd5 10. Nxd5 Bxd5 11. O-O Bxb3 12. axb3 O-O 13. Re1 Re8 14. Qd2 Qd6
15. Qc3 Qb4 16. Bxb6 Qxc3 17. bxc3 axb6 18. Rxa8 Rxa8 19. Nxe5 Re8 20. Nf3
Rxe1+ 21. Nxe1 b5 22. f4 b4 23. cxb4 Nxb4 24. Kf2 f5 25. c4 c5 26. Ke3 Kf7 27.
d4 b6 28. d5 Ke7 29. Kd2 b5 30. Nd3 Nxd3 31. Kxd3 Kd6 32. g4 fxg4 33. hxg4 g6
34. Ke4 h5 35. gxh5 gxh5 36. Kf5 bxc4 37. bxc4 h4 1-0

[Event "Weihnachtsopen 2013 A"]
[Site "?"]
[Date "2013.12.27"]
[Round "3"]
[White "Wahl, Peter"]
[Black "Jovalekic, Aleksandar"]
[Result "1-0"]
[WhiteElo "1887"]
[BlackElo "1944"]
[PlyCount "105"]
[SourceDate "2013.12.26"]

1. d4 Nf6 2. c4 g6 3. Nc3 Bg7 4. e4 d6 5. Be2 O-O 6. h4 e5 7. d5 Qd7 8. h5 Ne8
9. Nh3 f6 10. hxg6 hxg6 11. f4 Kf7 12. O-O Rh8 13. fxe5 dxe5 14. Ng5+ Kg8 15.
Ne6 Qe7 16. Bg4 Nd7 17. Be3 b6 18. Qa4 Nf8 19. Qc6 Rb8 20. Nxf8 Kxf8 21. Bxc8
Rxc8 22. c5 Rd8 23. Rad1 Qd7 24. Qxd7 Rxd7 25. d6 cxd6 26. cxb6 axb6 27. Bxb6
Ke7 28. Nd5+ Ke6 29. a4 f5 30. Nc3 Nf6 31. Rfe1 Rh4 32. a5 fxe4 33. a6 d5 34.
a7 Rh8 35. Nb5 Ra8 36. Ra1 Ne8 37. Rec1 Kf5 38. Rc6 d4 39. Rf1+ Kg5 40. Rfc1
Kg4 41. Rc8 Bh6 42. Rxa8 Be3+ 43. Kf1 Rf7+ 44. Ke1 Rh7 45. Rc6 Rh1+ 46. Ke2 Rb1
47. Rc2 Kf4 48. g3+ Kxg3 49. Nc3 d3+ 50. Kxe3 dxc2 51. Ne2+ Kg4 52. Rxe8 Re1
53. Rc8 1-0

[Event "Weihnachtsopen 2013 A"]
[Site "?"]
[Date "2013.12.27"]
[Round "3"]
[White "Schwander, Lukas"]
[Black "Keller, Philipp"]
[Result "0-1"]
[WhiteElo "2000"]
[BlackElo "1925"]
[PlyCount "82"]
[SourceDate "2013.12.26"]

1. Nf3 d5 2. d4 Nf6 3. c4 c6 4. e3 e6 5. Nc3 Bd6 6. Qc2 Nbd7 7. Bd2 h6 8. Bd3
O-O 9. O-O a6 10. c5 Bc7 11. Na4 e5 12. dxe5 Nxe5 13. Nxe5 Bxe5 14. f4 Bc7 15.
Bc3 Re8 16. Bd4 Ne4 17. Bxe4 Rxe4 18. Nc3 Re7 19. Rad1 Qe8 20. Qf2 Bf5 21. h3
Be4 22. Nxe4 Rxe4 23. Qg3 Qf8 24. Rf3 Rae8 25. Rdf1 Kh7 26. h4 f5 27. Qh3 h5
28. Rg3 g6 29. Rff3 R8e6 30. Rf1 Bd8 31. Rgf3 Bf6 32. Rd1 Qg7 33. Bxf6 Qxf6 34.
Rb1 Qe7 35. b4 Rxe3 36. Rb3 Rxb3 37. Rxb3 Re1+ 38. Kh2 Qe4 39. Qg3 d4 40. Qg5
d3 41. Qg3 d2 0-1

[Event "Weihnachtsopen 2013 A"]
[Site "?"]
[Date "2013.12.27"]
[Round "3"]
[White "Nguyen , Nam-Khang"]
[Black "Bosshard , Dominik"]
[Result "1-0"]
[WhiteElo "1877"]
[BlackElo "2005"]
[PlyCount "81"]
[SourceDate "2013.12.26"]

1. e4 e5 2. Nf3 Nc6 3. Bb5 a6 4. Ba4 Nf6 5. d3 d6 6. c3 Bg4 7. h3 Bh5 8. Nbd2
Be7 9. Nf1 O-O 10. Ng3 Bg6 11. O-O b5 12. Bc2 d5 13. Qe2 dxe4 14. dxe4 Bc5 15.
Nh4 Nh5 16. Qg4 Nxg3 17. Qxg3 Bd6 18. Nxg6 hxg6 19. Bb3 Na5 20. Bc2 c5 21. Bg5
Qc7 22. Rad1 f6 23. Be3 Kf7 24. Qg4 Rad8 25. Rd5 Be7 26. Rfd1 Rxd5 27. exd5 f5
28. Bxf5 gxf5 29. Qxf5+ Bf6 30. d6 g6 31. Qxf6+ Kxf6 32. dxc7 Nb7 33. f4 e4 34.
Bf2 Rc8 35. Bh4+ Kf5 36. Rd5+ Kxf4 37. Bg5+ Kg3 38. Re5 Nd6 39. Re6 Nf7 40.
Rxe4 Nxg5 41. Rg4# 1-0

[Event "Weihnachtsopen 2013 A"]
[Site "?"]
[Date "2013.12.28"]
[Round "4"]
[White "Taras , Marian"]
[Black "Gretz , Denis"]
[Result "0-1"]
[WhiteElo "2039"]
[BlackElo "1929"]
[PlyCount "100"]
[SourceDate "2013.12.26"]

1. Nf3 d5 2. d4 Nf6 3. c4 e6 4. Nc3 c6 5. Bg5 dxc4 6. e4 b5 7. e5 h6 8. Bh4 g5
9. Nxg5 hxg5 10. Bxg5 Nbd7 11. g3 Bb7 12. Bg2 Qb6 13. exf6 c5 14. d5 O-O-O 15.
O-O b4 16. Rb1 Qa6 17. dxe6 Bxg2 18. e7 Bxf1 19. Qd5 Bxe7 20. fxe7 Rdg8 21. Ne4
Rg6 22. Qa8+ Nb8 23. Bf4 Qb7 24. Qxb7+ Kxb7 25. Rxf1 Re8 26. Nd6+ Rxd6 27. Bxd6
Kc6 28. Rd1 Nd7 29. Bf4 Rxe7 30. h4 Ne5 31. h5 Nd3 32. Bg5 Re5 33. f4 Re3 34.
g4 c3 35. bxc3 bxc3 36. f5 c2 37. Rf1 Rg3+ 38. Kh2 Rxg4 39. Bf6 c1=Q 40. Rxc1
Nxc1 41. h6 Rg8 42. h7 Re8 43. Kg3 Kd5 44. a4 Ke4 45. Kg4 c4 46. Kg5 Ne2 47.
Bg7 Nd4 48. Bxd4 Kxd4 49. Kf6 Rh8 50. Kg7 Rxh7+ 0-1

[Event "Weihnachtsopen 2013 A"]
[Site "?"]
[Date "2013.12.28"]
[Round "4"]
[White "Berset, Alan"]
[Black "Georgieva , Emilia"]
[Result "1-0"]
[WhiteElo "2035"]
[BlackElo "1928"]
[PlyCount "83"]
[SourceDate "2013.12.26"]

1. d4 d5 2. c4 c6 3. g3 Nf6 4. Bg2 e6 5. Qc2 Bd6 6. Nc3 O-O 7. Nf3 Nbd7 8. Bg5
h6 9. Bd2 dxc4 10. e4 Bb4 11. O-O Bxc3 12. Bxc3 b5 13. a4 Bb7 14. Rfd1 a6 15.
Ne1 Qc7 16. Qd2 Rfe8 17. Nc2 Rac8 18. Ne3 Qb8 19. f4 Nb6 20. d5 Nbxd5 21. exd5
Nxd5 22. Bxd5 cxd5 23. Qd4 f6 24. Ng4 Rf8 25. Re1 Qd6 26. axb5 axb5 27. Ra7 Rc7
28. Ba5 Rd7 29. Bb6 Rc8 30. Qe3 h5 31. Nf2 Kf7 32. Bd4 b4 33. Rea1 Qc6 34. R1a5
Qd6 35. Rb5 Rb8 36. Rb6 Qe7 37. Bc5 d4 38. Qxd4 Rxd4 39. Bxe7 c3 40. bxc3 Rd7
41. Bxb4 g5 42. Bd6 1-0

[Event "Weihnachtsopen 2013 A"]
[Site "?"]
[Date "2013.12.28"]
[Round "4"]
[White "Bodmer, Marcel"]
[Black "Nguyen, Nam-Khang"]
[Result "1-0"]
[WhiteElo "2018"]
[BlackElo "1877"]
[PlyCount "67"]
[SourceDate "2013.12.26"]

1. d4 d5 2. Bf4 Nf6 3. e3 e6 4. Nd2 Be7 5. Bd3 O-O 6. Ngf3 Nbd7 7. Ne5 c5 8. c3
Nxe5 9. Bxe5 b6 10. h4 Nd7 11. Bg3 Bb7 12. Qf3 Bf6 13. Qg4 e5 14. dxe5 Bxe5 15.
O-O-O Bxg3 16. Qxg3 Rc8 17. Nf3 Nf6 18. Bf5 Rc7 19. h5 h6 20. Rh4 Qe7 21. Ne5
Kh8 22. f4 Rd8 23. Rhh1 d4 24. Bg6 Qe8 25. Bc2 dxc3 26. bxc3 Rxd1+ 27. Rxd1
Nxh5 28. Qh4 Nf6 29. g4 Nd5 30. c4 Nf6 31. g5 Ng8 32. gxh6 gxh6 33. Rd8 Qe7 34.
Qxh6# 1-0

[Event "Weihnachtsopen 2013 A"]
[Site "?"]
[Date "2013.12.28"]
[Round "4"]
[White "Monsoor, Sharif"]
[Black "Ferrari, Matteo"]
[Result "0-1"]
[WhiteElo "2059"]
[BlackElo "1770"]
[PlyCount "88"]
[SourceDate "2013.12.26"]

1. g3 d5 2. Nf3 g6 3. Bg2 Bg7 4. c4 c6 5. d4 Nf6 6. Nbd2 O-O 7. O-O Nbd7 8.
cxd5 Nxd5 9. e4 N5b6 10. a4 a5 11. b3 e5 12. Bb2 exd4 13. Bxd4 Bxd4 14. Nxd4
Ne5 15. N2f3 Bg4 16. Qc2 Nxf3+ 17. Nxf3 Bxf3 18. Bxf3 Qf6 19. Bg4 Qg5 20. Bh3
Rfe8 21. f4 Qe7 22. Rae1 Rad8 23. e5 Qb4 24. Re4 Qd2 25. Qc5 Nd7 26. Qa7 Qc2
27. Qe3 Qc5 28. Rd4 Nxe5 29. Re4 Nd3 30. Rxe8+ Rxe8 31. Qxc5 Nxc5 32. Rf3 Re1+
33. Kf2 Rb1 34. Ke2 Rb2+ 35. Kd1 Rxh2 36. Bc8 Rb2 37. Rc3 Ne4 38. Re3 Nd6 39.
Bh3 Kf8 40. Rd3 Ke7 41. Re3+ Kf6 42. Bf1 Nf5 43. Rd3 Rb1+ 44. Ke2 c5 0-1

[Event "Weihnachtsopen 2013 A"]
[Site "?"]
[Date "2013.12.28"]
[Round "4"]
[White "Keller, Philipp"]
[Black "Petr, Glenn"]
[Result "0-1"]
[WhiteElo "1830"]
[BlackElo "1951"]
[PlyCount "92"]
[SourceDate "2013.12.26"]

1. e4 e5 2. Nf3 Nc6 3. d4 exd4 4. Nxd4 Bc5 5. Be3 Qf6 6. c3 Nge7 7. Bc4 Ne5 8.
Be2 d5 9. Nb5 Bxe3 10. fxe3 Qc6 11. Qd4 f6 12. exd5 Qd7 13. d6 cxd6 14. Nxd6+
Kf8 15. O-O Nf7 16. Nxf7 Kxf7 17. Bc4+ Ke8 18. Nd2 Nc6 19. Qe4+ Qe7 20. Qxe7+
Kxe7 21. Nf3 Re8 22. Rae1 a6 23. e4 Be6 24. Bxe6 Kxe6 25. Nd4+ Kd7 26. Nf5 Rg8
27. Rd1+ Kc7 28. Rd2 Rae8 29. Ng3 Re6 30. Rfd1 Ne5 31. b3 g6 32. c4 Rge8 33.
Ne2 Ng4 34. Rd7+ Kc8 35. Nc3 f5 36. Rxh7 fxe4 37. Rdd7 e3 38. Rc7+ Kb8 39.
Rxb7+ Ka8 40. Ra7+ Kb8 41. Rhb7+ Kc8 42. h3 Ne5 43. Kf1 Rf6+ 44. Ke1 Nd3+ 45.
Ke2 Rf2+ 46. Kd1 Rd2# 0-1

[Event "Weihnachtsopen 2013 A"]
[Site "?"]
[Date "2013.12.28"]
[Round "4"]
[White "Rakazovic , Zeljko"]
[Black "Taranishen, Bogdan"]
[Result "1-0"]
[WhiteElo "1945"]
[BlackElo "1951"]
[PlyCount "83"]
[SourceDate "2013.12.26"]

1. e4 e6 2. d3 d5 3. Nd2 Nf6 4. Ngf3 dxe4 5. dxe4 Bc5 6. Bd3 Nc6 7. Nb3 Be7 8.
O-O O-O 9. e5 Nd5 10. a3 f6 11. c4 Nb6 12. exf6 Bxf6 13. Qc2 h6 14. Be3 Nd7 15.
Rad1 Qe7 16. Rfe1 Nce5 17. Nxe5 Bxe5 18. Bd4 Bxd4 19. Nxd4 Nc5 20. Bh7+ Kh8 21.
b4 Na6 22. c5 c6 23. Bd3 Nc7 24. Qe2 Qf6 25. Qe4 Kg8 26. Qh7+ Kf7 27. Nf3 Nd5
28. Ne5+ Ke8 29. Ng4 Qg5 30. Bg6+ Kd8 31. Qxg7 Qe7 32. Qxh6 Bd7 33. Ne3 Qf6 34.
Nxd5 Qxf2+ 35. Kh1 exd5 36. Bd3 Rg8 37. Re2 Qd4 38. Bc2 Qc3 39. Qd6 Qg7 40. Bf5
Kc8 41. Rde1 Kd8 42. Bh3 1-0

[Event "Weihnachtsopen 2013 A"]
[Site "?"]
[Date "2013.12.28"]
[Round "4"]
[White "Bhunjun , Reto"]
[Black "Olimpiev, Alexey"]
[Result "0-1"]
[WhiteElo "1916"]
[BlackElo "2042"]
[PlyCount "38"]
[SourceDate "2013.12.26"]

1. e4 c5 2. c3 d5 3. exd5 Qxd5 4. d4 Nc6 5. Nf3 Bf5 6. dxc5 Qxd1+ 7. Kxd1
O-O-O+ 8. Ke1 e6 9. Bb5 Bxc5 10. Bxc6 bxc6 11. Ne5 Nf6 12. Nxf7 Ng4 13. Be3
Bxe3 14. Nxd8 Bxf2+ 15. Ke2 Rxd8 16. h3 Bd3+ 17. Kf3 Rf8+ 18. Kxg4 Be2+ 19. Kg5
Rf5# 0-1

[Event "Weihnachtsopen 2013 A"]
[Site "?"]
[Date "2013.12.28"]
[Round "4"]
[White "Drago, Paolo"]
[Black "Nuri, Karo"]
[Result "0-1"]
[WhiteElo "1910"]
[BlackElo "2018"]
[PlyCount "56"]
[SourceDate "2013.12.26"]

1. d4 Nf6 2. c4 g6 3. Nc3 Bg7 4. e4 d6 5. f3 O-O 6. Be3 e5 7. d5 Nbd7 8. Qd2
Re8 9. Bd3 b6 10. Nge2 Nc5 11. O-O-O Nxd3+ 12. Qxd3 Nd7 13. g4 a6 14. h4 b5 15.
Rdg1 bxc4 16. Qxc4 a5 17. Na4 Nb6 18. Nxb6 cxb6 19. Kb1 Ba6 20. Qc2 b5 21. Qd2
b4 22. h5 a4 23. Ng3 a3 24. b3 Rc8 25. Bh6 Bxh6 26. Qxh6 Bd3+ 27. Ka1 Qc7 28.
Rc1 Qa7 0-1

[Event "Weihnachtsopen 2013 A"]
[Site "?"]
[Date "2013.12.28"]
[Round "4"]
[White "Geyer, Martin"]
[Black "Schweighoffer, Martin"]
[Result "0-1"]
[WhiteElo "1900"]
[BlackElo "1989"]
[PlyCount "92"]
[SourceDate "2013.12.26"]

1. d4 Nf6 2. c4 g6 3. Nc3 d5 4. cxd5 Nxd5 5. Bd2 Bg7 6. e4 Nb6 7. Be3 O-O 8. h3
Nc6 9. d5 Ne5 10. Qb3 e6 11. Rd1 exd5 12. Bxb6 axb6 13. Nxd5 Qh4 14. Bd3 Nxd3+
15. Qxd3 Rxa2 16. Nf3 Qd8 17. O-O c6 18. Nb4 Qxd3 19. Nxd3 Be6 20. Ra1 Rfa8 21.
Rab1 Bc4 22. Rfd1 Bb3 23. Rdc1 c5 24. Nd2 Be6 25. Nc4 Bxc4 26. Rxc4 Bd4 27. Kf1
b5 28. Rc2 c4 29. Nf4 Ra1 30. Rxa1 Rxa1+ 31. Ke2 Ra2 32. Nd5 Rxb2 33. Rxb2 Bxb2
34. Kd2 Bd4 35. f4 f6 36. Kc2 Kf7 37. g4 g5 38. f5 Be5 39. Ne3 Ke7 40. Nd5+ Kd6
41. Nb6 Bd4 42. Nd5 Ke5 43. Nc7 b4 44. Ne6 b3+ 45. Kb1 c3 46. Nf8 c2+ 0-1

[Event "Weihnachtsopen 2013 A"]
[Site "?"]
[Date "2013.12.28"]
[Round "4"]
[White "Scheidegger, Andreas"]
[Black "Hofmann, Colin"]
[Result "1-0"]
[WhiteElo "2014"]
[BlackElo "1851"]
[PlyCount "91"]
[SourceDate "2013.12.26"]

1. e4 c5 2. Nf3 d6 3. d4 cxd4 4. Nxd4 Nf6 5. Nc3 Nc6 6. Nb3 e6 7. Bg5 Qb6 8.
Be3 Qc7 9. f3 a6 10. Qd2 Be7 11. O-O-O Bd7 12. Qf2 b5 13. Kb1 Rb8 14. g4 Na5
15. g5 Ng8 16. Nxa5 Qxa5 17. f4 b4 18. Ne2 Bc6 19. Bg2 Bb5 20. Nc1 Qc7 21. h4
a5 22. Rh3 a4 23. Bd2 Bc4 24. b3 axb3 25. cxb3 Ba6 26. Be1 Bf8 27. Nd3 Bxd3+
28. Rhxd3 Rb6 29. Rc1 Qb8 30. Rd4 Ne7 31. Rdc4 Rb7 32. Qd2 g6 33. Rxb4 Bg7 34.
Rxb7 Qxb7 35. Qb4 Qa7 36. Bf2 Qa8 37. Qxd6 O-O 38. Qxe7 Rd8 39. Qa7 Qxa7 40.
Bxa7 Rd2 41. Rc8+ Bf8 42. Bc5 Rxg2 43. Bxf8 f6 44. Be7+ Kf7 45. gxf6 Rf2 46.
Rf8# 1-0

[Event "Weihnachtsopen 2013 A"]
[Site "?"]
[Date "2013.12.29"]
[Round "5"]
[White "Gretz, Denis"]
[Black "Berset, Alan"]
[Result "1/2-1/2"]
[WhiteElo "1929"]
[BlackElo "2053"]
[PlyCount "64"]
[SourceDate "2013.12.26"]

1. e4 g6 2. d4 d6 3. Nc3 Bg7 4. Be3 a6 5. Qd2 Nd7 6. Nf3 e6 7. h4 h5 8. O-O-O
b5 9. e5 d5 10. Bg5 Ne7 11. Qf4 Bb7 12. g4 c5 13. dxc5 hxg4 14. Qxg4 Nxe5 15.
Nxe5 Bxe5 16. Bd3 Qc7 17. Rhe1 Bxc3 18. bxc3 O-O-O 19. Bf6 Rhg8 20. a4 Qxc5 21.
Qb4 Qxb4 22. cxb4 Rd7 23. axb5 axb5 24. Bxb5 Bc6 25. Bxe7 Bxb5 26. Bf6 Rc7 27.
Kb2 Rc4 28. Rd4 Rc6 29. Ra1 Kb7 30. Ra5 Bc4 31. c3 Rgc8 32. Rd1 Ra6 1/2-1/2

[Event "Weihnachtsopen 2013 A"]
[Site "?"]
[Date "2013.12.29"]
[Round "5"]
[White "Ferrari, Matteo"]
[Black "Bodmer, Marcel"]
[Result "1-0"]
[WhiteElo "1770"]
[BlackElo "2018"]
[PlyCount "43"]
[SourceDate "2013.12.26"]

1. e4 c5 2. Nf3 g6 3. c3 Nf6 4. e5 Ng4 5. h3 Nh6 6. Bc4 Nc6 7. O-O Na5 8. Na3
Nf5 9. Bd5 h5 10. b4 cxb4 11. cxb4 e6 12. bxa5 exd5 13. Qb3 Qxa5 14. Bb2 Rg8
15. Nb5 a6 16. Nd6+ Nxd6 17. exd6 Bxd6 18. Qe3+ Kd8 19. Bd4 Re8 20. Bb6+ Qxb6
21. Qxb6+ Bc7 22. Qf6+ 1-0

[Event "Weihnachtsopen 2013 A"]
[Site "?"]
[Date "2013.12.29"]
[Round "5"]
[White "Abächerli, Simon"]
[Black "Goldie, Thomas"]
[Result "0-1"]
[WhiteElo "1979"]
[BlackElo "1863"]
[PlyCount "68"]
[SourceDate "2013.12.26"]

1. d4 Nf6 2. c4 g6 3. Nc3 Bg7 4. e4 d6 5. f3 O-O 6. Be3 c5 7. Nge2 Nc6 8. d5
Ne5 9. Ng3 e6 10. Be2 exd5 11. cxd5 a6 12. a4 Re8 13. O-O h5 14. h3 Qb6 15. Qd2
Qb4 16. a5 Bd7 17. b3 h4 18. Nh1 Nh5 19. Rfc1 f5 20. exf5 Nxf3+ 21. Bxf3 Rxe3
22. fxg6 Bxc3 23. Rxc3 Qxc3 24. Qxc3 Rxc3 25. Bxh5 Rxb3 26. Nf2 Re8 27. Ng4
Bxg4 28. Bxg4 Kg7 29. Ra4 Rb4 30. Ra1 Re5 31. Be6 Kxg6 32. Rf1 Rb2 33. Rf7 Re1+
34. Kh2 Rbb1 0-1

[Event "Weihnachtsopen 2013 A"]
[Site "?"]
[Date "2013.12.29"]
[Round "5"]
[White "Schwander, Lukus"]
[Black "Tschopp, Berhard"]
[Result "0-1"]
[WhiteElo "2000"]
[BlackElo "2074"]
[PlyCount "74"]
[SourceDate "2013.12.26"]

1. e4 c5 2. Nf3 Nc6 3. Bb5 g6 4. O-O Bg7 5. c3 e6 6. d3 Nge7 7. Nbd2 O-O 8. Re1
a6 9. Ba4 b5 10. Bc2 d5 11. Nf1 dxe4 12. dxe4 Qc7 13. Qe2 Bb7 14. Ng3 Rfd8 15.
Qe3 c4 16. Ne2 Rac8 17. Nfd4 Ne5 18. f4 Ng4 19. Qf3 Nf6 20. g4 Nd7 21. Qf2 Nc5
22. e5 Be4 23. Bxe4 Nxe4 24. Qf3 Nc5 25. b3 Nd3 26. Rd1 Nd5 27. Ba3 Nxc3 28.
Nxc3 Rxd4 29. Ne2 Rdd8 30. Bd6 Qb6+ 31. Kg2 Rxd6 32. exd6 Bxa1 33. d7 Rd8 34.
Rxa1 Rxd7 35. bxc4 bxc4 36. Qa8+ Rd8 37. Rb1 Qf2+ 0-1

[Event "Weihnachtsopen 2013 A"]
[Site "?"]
[Date "2013.12.29"]
[Round "5"]
[White "Schweighoffer, Martin"]
[Black "Georgescu , Lena"]
[Result "1-0"]
[WhiteElo "1989"]
[BlackElo "1752"]
[PlyCount "61"]
[SourceDate "2013.12.26"]

1. e4 c5 2. Nf3 Nc6 3. d4 cxd4 4. Nxd4 Nf6 5. Nc3 d6 6. Bg5 e6 7. Qd2 a6 8.
O-O-O Bd7 9. f3 h6 10. Nxc6 Bxc6 11. Bf4 Qa5 12. Kb1 O-O-O 13. Bc4 b5 14. Bb3
b4 15. Ne2 e5 16. Bg3 Rd7 17. Nc1 d5 18. exd5 Nxd5 19. Qe1 f6 20. Nd3 Qb5 21.
Ka1 a5 22. Bxe5 fxe5 23. Nxe5 a4 24. Bc4 Qb7 25. Nxd7 Qxd7 26. Bxd5 Bxd5 27.
Qe5 a3 28. Rxd5 Qa4 29. Qe6+ Kc7 30. b3 Qa8 31. Rd7+ 1-0

[Event "Weihnachtsopen 2013 A"]
[Site "?"]
[Date "2013.12.29"]
[Round "5"]
[White "Wahl, Peter"]
[Black "Bounlom, Samyo"]
[Result "1-0"]
[WhiteElo "1887"]
[BlackElo "1929"]
[PlyCount "171"]
[SourceDate "2013.12.26"]

1. d4 Nf6 2. c4 e6 3. Nf3 b6 4. g3 Bb7 5. Bg2 Be7 6. Nc3 O-O 7. O-O d5 8. cxd5
exd5 9. b3 Nbd7 10. Bb2 Re8 11. Rc1 c6 12. Qd3 Bd6 13. Nd2 Bf8 14. Rfe1 c5 15.
dxc5 Nxc5 16. Qb1 d4 17. Nb5 Bxg2 18. Kxg2 Ne6 19. Qd3 Qd5+ 20. Nf3 Nc5 21.
Qxd4 Qh5 22. Nc3 Rad8 23. Qh4 Qf5 24. Qf4 Qxf4 25. gxf4 Bd6 26. b4 Ne6 27. e3
Bxb4 28. Red1 Nc5 29. Ne5 Rxd1 30. Rxd1 Bxc3 31. Bxc3 Nfe4 32. Bb4 f6 33. Nc4
Na6 34. Be1 Rc8 35. Rd4 Nec5 36. Nd6 Rd8 37. Bc3 Ne6 38. Rd2 Nac5 39. f5 Nc7
40. Kf3 Na4 41. Bb4 a5 42. Nc4 Rxd2 43. Bxd2 Nd5 44. a3 Kf8 45. e4 Ne7 46. Ke3
Ke8 47. Kd4 Kd7 48. f4 Kc6 49. Ne3 Nc5 50. Bc3 Kb5 51. e5 Nb3+ 52. Kd3 Nc5+ 53.
Ke2 Ne4 54. Bd4 Nc6 55. Bb2 Kc5 56. Ng4 h5 57. exf6 gxf6 58. Nxf6 Nd6 59. Nd7+
Kb5 60. f6 Nf7 61. Ne5 Ncd8 62. Bd4 Ne6 63. Be3 Ned8 64. a4+ Ka6 65. Kd3 b5 66.
axb5+ Kxb5 67. Kc3 a4 68. h4 Ka5 69. Bc5 Ne6 70. Bb4+ Kb5 71. Nxf7 Nxf4 72.
Nd6+ Kc6 73. f7 Ng6 74. Nc4 Kd5 75. f8=Q Nxf8 76. Bxf8 Ke6 77. Kd4 Kf5 78. Be7
Kg6 79. Ke5 Kf7 80. Bf6 Kg6 81. Ke6 Kh6 82. Kf7 Kh7 83. Nd6 a3 84. Ne4 Kh6 85.
Bg7+ Kh7 86. Nf6# 1-0

[Event "Weihnachtsopen 2013 A"]
[Site "?"]
[Date "2013.12.29"]
[Round "5"]
[White "Nuri, Karo"]
[Black "Haas, Adrian"]
[Result "1-0"]
[WhiteElo "2018"]
[BlackElo "1924"]
[PlyCount "133"]
[SourceDate "2013.12.26"]

1. Nf3 d5 2. c4 c6 3. g3 Nf6 4. Qc2 Bg4 5. Bg2 Nbd7 6. d4 e6 7. O-O Be7 8. b3
O-O 9. Nc3 Bf5 10. Qd1 Ne4 11. Bb2 Qa5 12. Rc1 Ba3 13. Bxa3 Qxa3 14. Nh4 Nxc3
15. Rxc3 Bg6 16. Nxg6 hxg6 17. Qd2 a5 18. e4 dxe4 19. Bxe4 Nf6 20. Bf3 Qd6 21.
Rd3 Rfd8 22. Rd1 Ra7 23. Qe3 Raa8 24. Qe5 a4 25. g4 axb3 26. axb3 Kf8 27. g5
Nh5 28. Bxh5 gxh5 29. Qe4 g6 30. Rf3 Ra5 31. Qxg6 Qe7 32. h4 Rf5 33. Rxf5 exf5
34. Qh6+ Kg8 35. Qxh5 Qe4 36. g6 fxg6 37. Qxg6+ Kf8 38. Qf6+ Ke8 39. Qg5 Kd7
40. Qg7+ Kc8 41. Ra1 Kb8 42. Qe5+ Qxe5 43. dxe5 Rh8 44. Kg2 Rxh4 45. Re1 Kc7
46. e6 Kd8 47. Kg3 Rd4 48. Re5 f4+ 49. Kg4 Ke7 50. Kf5 Rd2 51. f3 Rd3 52. Kxf4
Rxb3 53. Kg4 Rb4 54. f4 Rxc4 55. Kg5 Rc1 56. Re3 b5 57. f5 Rg1+ 58. Kf4 Rf1+
59. Ke5 c5 60. Rh3 Re1+ 61. Kd5 Rf1 62. Rh7+ Ke8 63. Kxc5 Rxf5+ 64. Kd6 b4 65.
Rh8+ Rf8 66. Rxf8+ Kxf8 67. Kd7 1-0

[Event "Weihnachtsopen 2013 A"]
[Site "?"]
[Date "2013.12.29"]
[Round "5"]
[White "Olimpiev, Alexey"]
[Black "Wallmüller, Peter"]
[Result "0-1"]
[WhiteElo "2042"]
[BlackElo "1949"]
[PlyCount "102"]
[SourceDate "2013.12.26"]

1. e4 c5 2. Nf3 d6 3. d4 cxd4 4. Nxd4 Nf6 5. Nc3 a6 6. Bg5 e6 7. f4 Be7 8. Qf3
Qc7 9. O-O-O Nbd7 10. Bd3 h6 11. Bh4 g5 12. fxg5 Ne5 13. Qf2 Nfg4 14. Qe2 hxg5
15. Bg3 Bd7 16. Nf3 Rf8 17. h3 Nxf3 18. gxf3 Ne5 19. h4 gxh4 20. Bxh4 Bxh4 21.
Rxh4 O-O-O 22. Rh7 Rh8 23. Rxh8 Rxh8 24. f4 Ng6 25. Qf2 Qc5 26. Qg3 b5 27. e5
dxe5 28. Bxg6 fxg6 29. Ne4 Qb6 30. Nd6+ Kc7 31. Qc3+ Kb8 32. Qxe5 Rh5 33. Qg7
Qe3+ 34. Kb1 Rd5 35. Qf8+ Kc7 36. Rc1 Rxd6 37. Qf6 Rd4 38. Qxg6 Rxf4 39. Qh7
Rd4 40. b3 Qe4 41. Qe7 Qd5 42. Qg7 Qd6 43. Qg1 Kb7 44. Rf1 Qd5 45. a3 Rd2 46.
Re1 Bc6 47. Qg7+ Qd7 48. Qg4 Qh7 49. Rc1 Be4 50. Qf4 Bxc2+ 51. Ka2 Bb1+ 0-1

[Event "Weihnachtsopen 2013 A"]
[Site "?"]
[Date "2013.12.29"]
[Round "5"]
[White "Peter, Raymond"]
[Black "Mansoor, Sharif"]
[Result "1-0"]
[WhiteElo "1949"]
[BlackElo "2059"]
[PlyCount "95"]
[SourceDate "2013.12.26"]

1. e4 e5 2. Nf3 Nc6 3. Bb5 g6 4. O-O Bg7 5. Bxc6 dxc6 6. h3 Nf6 7. d3 Qd6 8.
Nbd2 b5 9. b3 O-O 10. a4 Re8 11. Ba3 b4 12. Nc4 Qc5 13. Bb2 Nh5 14. Bc1 Nf4 15.
Be3 Qe7 16. Kh2 c5 17. Rc1 Ba6 18. g3 Bxc4 19. gxf4 exf4 20. Bxf4 Ba6 21. Nd2
Rad8 22. Qf3 Bc3 23. Qg3 Rd7 24. f3 Qf6 25. Qg5 Re6 26. Rcd1 Qxg5 27. Bxg5 f5
28. Be3 Bd4 29. Bf2 f4 30. Bxd4 cxd4 31. Rg1 Re5 32. Rg4 Rf7 33. Rdg1 Rh5 34.
Rg5 Rh6 35. Kg2 Bc8 36. Rh1 Rh5 37. Rxh5 gxh5 38. h4 Be6 39. Kf2 Rf6 40. Rg1+
Rg6 41. e5 Bd5 42. Ne4 Bxe4 43. fxe4 Kf7 44. Rxg6 hxg6 45. Kf3 g5 46. hxg5 h4
47. Kxf4 Kg6 48. e6 1-0

[Event "Weihnachtsopen 2013 A"]
[Site "?"]
[Date "2013.12.29"]
[Round "5"]
[White "Jakob, Marcel"]
[Black "Boyard, Marie"]
[Result "0-1"]
[WhiteElo "1997"]
[BlackElo "1996"]
[PlyCount "134"]
[SourceDate "2013.12.26"]

1. d4 Nf6 2. Bg5 d5 3. Nf3 e6 4. c4 c6 5. cxd5 exd5 6. Qc2 Be7 7. Nc3 Nbd7 8.
e3 h6 9. Bh4 a5 10. Bd3 O-O 11. O-O Re8 12. Rac1 Ne4 13. Bxe7 Qxe7 14. Bxe4
dxe4 15. Nd2 Nf6 16. Na4 Bg4 17. Nc5 b6 18. Na4 Rab8 19. h3 Bf5 20. Nc3 Qd7 21.
Ne2 Rec8 22. Ng3 Bg6 23. Qa4 Qe6 24. a3 Ra8 25. Qb3 Qxb3 26. Nxb3 Nd5 27. Nd2
f5 28. Nc4 Kf7 29. Nd6+ Ke6 30. Nxc8 Rxc8 31. Ne2 Bf7 32. Nc3 Kd7 33. Nxd5 Bxd5
34. Rc3 a4 35. f3 h5 36. fxe4 Bxe4 37. g4 hxg4 38. hxg4 g6 39. gxf5 gxf5 40.
Rf2 Rg8+ 41. Kf1 Rh8 42. Ke1 Rh1+ 43. Rf1 Rh2 44. Rf2 Rh1+ 45. Rf1 Rh2 46. b3
axb3 47. Rxb3 Kc7 48. Rf2 Rh1+ 49. Kd2 Ra1 50. Kc3 Rc1+ 51. Kb4 Bd5 52. Rc3
Rb1+ 53. Ka4 c5 54. Rxc5+ bxc5 55. dxc5 Bc6+ 56. Ka5 Rb5+ 57. Ka6 Rxc5 58. Rh2
Rc3 59. Rh7+ Bd7 60. Ka5 Rxa3+ 61. Kb4 Rxe3 62. Rf7 Kd6 63. Rh7 Be6 64. Rh8 f4
65. Rd8+ Ke5 66. Rd1 f3 67. Kc5 f2 0-1

[Event "Weihnachtsopen 2013 A"]
[Site "?"]
[Date "2013.12.29"]
[Round "5"]
[White "Schönherr, Konrad"]
[Black "Künzli, Simon"]
[Result "1-0"]
[WhiteElo "1861"]
[BlackElo "2018"]
[PlyCount "133"]
[SourceDate "2013.12.26"]

1. d4 d5 2. Nc3 c6 3. e4 dxe4 4. Nxe4 Bf5 5. Ng3 Bg6 6. f4 e6 7. Nf3 Nd7 8. Bd3
Bxd3 9. Qxd3 Qc7 10. Ne4 h6 11. Bd2 O-O-O 12. O-O-O Ngf6 13. Ne5 Nxe4 14. Qxe4
f5 15. Qe3 Nxe5 16. dxe5 Qb6 17. Qxb6 axb6 18. Be3 Rxd1+ 19. Rxd1 Kc7 20. h3
Be7 21. Rd3 Ra8 22. a3 Rg8 23. Bd2 g5 24. Rg3 g4 25. hxg4 fxg4 26. Rd3 h5 27.
Kd1 Rd8 28. Rxd8 Kxd8 29. Be3 c5 30. g3 b5 31. Ke2 Kd7 32. Kd3 h4 33. gxh4 c4+
34. Ke4 Bxh4 35. f5 Bg3 36. f6 Ke8 37. b3 cxb3 38. cxb3 Kf7 39. Bd4 Bh2 40. a4
bxa4 41. bxa4 Kg6 42. Bc3 Kf7 43. Ke3 Kg6 44. Kf2 Bf4 45. Bd4 Kf7 46. Ke2 Kg6
47. Kd3 Bh2 48. Ke4 Kf7 49. Be3 Bg3 50. Bf4 Bf2 51. Kd3 Bh4 52. Bh2 Bf2 53. Bf4
Bh4 54. Kd4 Bf2+ 55. Be3 Bg3 56. Bg1 Bf4 57. Bf2 Bh2 58. Be3 Bg3 59. Ke4 Bh4
60. Kf4 Bxf6 61. exf6 Kxf6 62. Bd4+ e5+ 63. Bxe5+ Ke6 64. Ke4 b6 65. Bg3 Ke7
66. Kd5 Kd7 67. Bf4 1-0